000 00316nam a2200133Ia 4500
008 191201s2009 xx 000 0 und d
082 _a670.423
_bGAW
100 _aGarg, S K
245 0 _aWorkshop Technology
260 _aN.Delhi
_bUniversity Press
_c2009
300 _a542
650 _aApplied
942 _2ddc
_cBK
_03
999 _c3308
_d3308